[Event "Cairo Al Ain op"]
[Site "Cairo"]
[Date "2023.11.29"]
[Round "4"]
[White "Safwat Siddik, John"]
[Black "Maged, Mathew"]
[Result "0-1"]
[WhiteElo "1295"]
[BlackElo "1655"]
[PlyCount "102"]
[EventDate "2023.11.27"]
[EventType "swiss"]
[EventRounds "10"]
[EventCountry "EGY"]
[SourceTitle "CB49_2023"]
[SourceDate "2023.12.06"]
[SourceVersion "1"]
[SourceVersionDate "2023.12.06"]
[SourceQuality "1"]

1. d4 Nf6 2. Bf4 d5 3. e3 c5 4. dxc5 Nc6 5. Bb5 Qa5+ 6. Nc3 a6 7. Bxc6+ bxc6 8. Qd4 Bf5 9. Qa4 Qxc5 10. Nge2 Bd7 11. 0-0 e6 12. a3 Be7 13. Be5 0-0 14. Rad1 Qb6 15. Qf4 Ne8 16. Qg4 f6 17. Bg3 Qxb2 18. Rb1 Qxa3 19. Rb7 Bc8 20. Rb6 Qc5 21. Rfb1 Bd6 22. Bxd6 Nxd6 23. Qd4 Qxd4 24. Nxd4 Bd7 25. Na4 e5 26. Nf3 Nc4 27. Rb7 Bf5 28. Rc1 Rfb8 29. Rxb8+ Rxb8 30. Kf1 Na3 31. Ne1 Rb4 32. Nc5 Rc4 33. e4 Bxe4 34. Nxe4 Rxe4 35. Ra1 Ra4 36. f3 Ra5 37. Ra2 Nc4 38. Rxa5 Nxa5 39. Nd3 Nc4 40. Ke2 a5 41. Nc5 Kf7 42. Kd3 Ke7 43. h4 f5 44. g3 e4+ 45. fxe4 fxe4+ 46. Ke2 Kd6 47. Nb3 a4 48. Na1 c5 49. c3 d4 50. cxd4 cxd4 51. g4 d3+ 0-1